LIBRARY ONLINE CATALOGUE

Food and nutrition / (Record no. 4455)

MARC details
000 -LEADER
fixed length control field 00558nam a22002292 4500
001 - CONTROL NUMBER
control field 0000023893
003 - CONTROL NUMBER IDENTIFIER
control field OSt
005 - DATE AND TIME OF LATEST TRANSACTION
control field 20220315122428.0
008 - FIXED-LENGTH DATA ELEMENTS--GENERAL INFORMATION
fixed length control field 130412s xx 000 0 eng d
020 ## - INTERNATIONAL STANDARD BOOK NUMBER
International Standard Book Number 0198327660 :
040 ## - CATALOGING SOURCE
Original cataloging agency KABU
Transcribing agency KABU
100 1# - MAIN ENTRY--PERSONAL NAME
Personal name Tull, Anita.
245 10 - TITLE STATEMENT
Title Food and nutrition /
Statement of responsibility, etc. Anita Tull.
250 ## - EDITION STATEMENT
Edition statement 1st ed.
260 ## - PUBLICATION, DISTRIBUTION, ETC. (IMPRINT)
Place of publication, distribution, etc. Oxford :
Name of publisher, distributor, etc. O. U. P.,
Date of publication, distribution, etc. 1996.
300 ## - PHYSICAL DESCRIPTION
Extent 282 p.
650 #0 - SUBJECT ADDED ENTRY--TOPICAL TERM
Topical term or geographic name as entry element Food.
650 #0 - SUBJECT ADDED ENTRY--TOPICAL TERM
Topical term or geographic name as entry element Nutrition.
908 ## - PUT COMMAND PARAMETER (RLIN)
Put command parameter 130412
942 ## - ADDED ENTRY ELEMENTS (KOHA)
Source of classification or shelving scheme Library of Congress Classification
Koha item type General Collection
Holdings
Withdrawn status Lost status Source of classification or shelving scheme Not for loan Home library Current library Date acquired Total Checkouts Total Renewals Full call number Barcode Date last seen Date last checked out Price effective from Koha item type Cost, normal purchase price Copy number
    Library of Congress Classification   Kabarak, Main Campus Kabarak, Main Campus 17/12/2015 9 1 TX360 .T85 1996 c. 1 015014 06/12/2021 02/12/2021 17/12/2015 General Collection    
    Library of Congress Classification   Kabarak, Main Campus Kabarak, Main Campus 22/06/2019 2 1 TX360 .T85 1996 c. 2 023429 10/03/2025 21/02/2025 22/06/2019 General Collection 3010.24 c. 2
    Library of Congress Classification   Kabarak, Main Campus Kabarak, Main Campus 22/06/2019 2   TX360 .T85 1996 c. 3 023430 06/12/2021 29/11/2021 22/06/2019 General Collection 3010.24 c. 3
    Library of Congress Classification   Kabarak, Main Campus Kabarak, Main Campus 22/06/2019     TX360 .T85 1996 c. 4 031556 15/03/2022   22/06/2019 General Collection 5442.00 c. 3